=LDR 00000nam 2200000 4500 =001 INLIS000000000035242 =005 20130612141121 =008 ***********************************ind** =035 ##$$0010-061300000035242 =041 ##$$a ind =082 ##$$a 411.52 =090 ##$$a 411.52, Kur,d =100 ##$$a Kurniawati, Wati =245 ##$$a Diksi Dalam Bahasa IndonesiaRagam Tulis, Brosur Seminar, Wati Kurniawati =260 ##$$a 2009 $b Jakarta =300 ##$$a viii, 99 hlm., 24 cm =650 ##$$a Bahasa Indonesia - Diksi =850 ##$$a NBPNMAT =990 ##$$a 0304/BPAP-NTB/2015